Responses for show #7713 - Wednesday, March 7, 2018

Contestants

Lane Flynn, a business owner from Atlanta, Georgia

Emily Perez, a graduate student of library science from Wappingers Falls, New York

Jack Rice, a marketing associate from Portland, Oregon (whose 1-day cash winnings total $26,500)

Jeopardy! Round responses

HUMANS IN THE GALAPAGOS
ANIMATED DISNEY FILM BY VILLAIN
ABBREVIATED MAGAZINES
SPRING MEDLEY
SUFFRAGETTE CITY
FISHING FOR COMPLIMENTS
    $200 21
Moby-Dick

Lane
    $200 6
Beauty and the Beast

Jack
    $200 1
Rolling Stone

Emily
    $200 12
spring cleaning

Jack
    $200 2
women voters

Jack
    $200 16
praises

Lane
    $400 22
(Emily: What is the Philippines?)
(Jack: What is Chile?)

Ecuador

JackEmilyLane
    $400 7
Aladdin

Emily
    $400 3
Good Housekeeping

Jack
    $400 13
vernal

Triple Stumper
    $400 27
(Jack: What is Spokane?)
(Emily: What is Olympia?)

Seattle

JackEmily
Triple Stumper
    $400 17
endorse

Lane
    $600 23
the Incan empire

Lane
    $600 8
The Hunchback of Notre Dame

Jack
    $600 4
Golf Digest

Jack
    $600 14
primavera

Jack
    $600 28
[The end-of-round signal sounds.]

Wilson

Lane
    $600 18
laurels

Lane
    $800 24
Master and Commander

Lane
    $1,000 9
Pocahontas

Jack
    $800 5
Popular Mechanics

Lane
    $800 15
(Jack: What is the bush league?)

the grapefruit league

Jack
Triple Stumper
    $800 19
a tribute band

Jack
    $1000 25
(Alex: And before we move on, I want to thank Lindblad Expeditions for making that trip such an enjoyable one for me. And also thanks to the crew aboard the National Geographic Endeavour II for all of their great work. We have less than a minute to go now.)

the War of 1812

Emily
    $1000 10
Pinocchio

Jack
    $1000 11
Prevention

Triple Stumper
    $1000 26
(Emily: What are... butterflies?)

cranes

JackEmily
    $1000 20
kudos

Lane

Scores at the first commercial break (after clue 15):

Jack Emily Lane
$4,000 $600 $800

Scores at the end of the Jeopardy! Round:

Jack Emily Lane
$5,000 -$200 $5,600

Double Jeopardy! Round responses

LITERARY EPONYMS
THE FILING CABINET
THEY'RE "GREAT"!
BEFORE & AFTER
SOUND
COMPLIMENTS FOR FISHING
    $400 11
a Grinch

Jack
    $400 21
jointly

Emily
    $400 2
Peter the Great

Emily
    $400 1
Secret Service entrance

Lane
    $400 16
a prescription

Emily
    $400 26
(Emily: What is a trout?)

a northern pike

Emily
Triple Stumper
    $800 12
fedora

Triple Stumper
    $800 22
iron filings

Jack
    $800 7
the Great Compromiser

Lane
    $800 3
the French Quarter Pounder

Lane
    $800 17
a Tweeter

Jack
    $800 27
[The end-of-round signal sounds.]

bass

Lane
    $1,600 13
(Jack: What is Pollyanna?)

Little Goody Two-Shoes

Jack
    $1200 23
folders

Lane
    $1200 8
the Great White North

Jack
    $1200 4
(Jack: What is Holland America?)

Holland "America The Beautiful"

JackEmily
    $1200 18
to audible

Triple Stumper
    $1600 14
a mentor

Triple Stumper
    $1600 24
(Alex: Less than a minute.)

single file

Jack
    $1600 9
Herod the Great

Jack
    $1600 5
(Emily: What is packing heat... what is packing heat...)

packing heat index

JackEmily
    $1600 19
splash

Jack
    $2000 15
Lothario

Triple Stumper
    $2000 25
Vietnam

Emily
    $2000 10
Frederick the Great

Triple Stumper
    $2000 6
The King and I, Robot

Emily
    $2000 20
a glass harmonica

Triple Stumper

Scores at the end of the Double Jeopardy! Round:

Jack Emily Lane
$11,800 $4,200 $9,600

[wagering suggestions for these scores]

Final Jeopardy! Round responses

COUNTRIES OF THE U.N.
EmilyWhat jamaica, Jakarta, -
$4,199
LaneWhat are Jordan Japan and Jamaica
$9,598
JackWhat are Japan Java & J____
$7,401
Jamaica, Japan, and Jordan

Final scores:

Jack Emily Lane
$4,399 $1 $19,198
2nd place: $2,000 3rd place: $1,000 New champion: $19,198

Game dynamics:

Coryat scores:

Jack Emily Lane
$13,200 $4,200 $9,600
19 R
(including 1 DD),
5 W
(including 1 DD)
9 R,
5 W
15 R,
0 W

Combined Coryat: $27,000

The J! Archive is created by fans, for fans. The Jeopardy! game show and all elements thereof, including but not limited to copyright and trademark thereto, are the property of Jeopardy Productions, Inc. and are protected under law. This website is not affiliated with, sponsored by, or operated by Jeopardy Productions, Inc. Join the discussion at JBoard.tv.